00966cam a2200265 4500001001300000003000400013005001700017008004100034010001700075025002000092050001700112100001700129245010300146260007100249300004900320350000900369500006000378500010800438650002200546650002400568710005500592700001600647700002000663999001700683sa 68016334 DLC20260227112653.0700709s1962 ii a 00010 eng  asa 68016334  aPL480:I-E-111300 aTS1403b.J6610aJoshi, B. B.10aMaterials handling in textile mills,cby B. B. Joshi, assisted by N. S. Nama [and] M. J. Bhansali.0 aBaroda,bTextile & Allied Industries Research Organisation,c1962. aviii, 96, XL p.billus. (part fold.)c26 cm. a9.00 aAdvertisements paged I-XL interspersed throughout text. a"This preliminary survey on materials handling practices in textile mills was undertaken by T.A.I.R.O." 0aTextile industry. 0aMaterials handling.20aTextile & Allied Industries Research Organisation.10aNama, N. S.10aBhansali, M. J. c87038d87038